|
|
|
|
| LEADER |
00000caa a2200000 c 4500 |
| 001 |
1909609587 |
| 003 |
DE-627 |
| 005 |
20260430023013.0 |
| 007 |
tu |
| 008 |
241127s2024 xx ||||| 00| ||ger c |
| 035 |
|
|
|a (DE-627)1909609587
|
| 035 |
|
|
|a (DE-599)KXP1909609587
|
| 040 |
|
|
|a DE-627
|b ger
|c DE-627
|e rda
|
| 041 |
|
|
|a ger
|
| 084 |
|
|
|a 2,1
|2 ssgn
|
| 100 |
1 |
|
|8 1\p
|a Meyer, Gerhard
|d 1952-
|e VerfasserIn
|0 (DE-588)118157531
|0 (DE-627)079277373
|0 (DE-576)291744303
|4 aut
|
| 109 |
|
|
|a Meyer, Gerhard 1952-
|a Meyer, G. 1952-
|
| 245 |
1 |
0 |
|a Glücksspiel
|b Zahlen und Fakten
|c Gerhard Meyer
|
| 264 |
|
1 |
|c 2024
|
| 300 |
|
|
|b Illustrationen
|
| 336 |
|
|
|a Text
|b txt
|2 rdacontent
|
| 337 |
|
|
|a ohne Hilfsmittel zu benutzen
|b n
|2 rdamedia
|
| 338 |
|
|
|a Band
|b nc
|2 rdacarrier
|
| 500 |
|
|
|a Literaturverzeichnis: Seite 85-86
|
| 650 |
0 |
7 |
|0 (DE-588)4021329-8
|0 (DE-627)104427140
|0 (DE-576)208937269
|a Glücksspiel
|2 gnd
|
| 650 |
0 |
7 |
|0 (DE-588)4124233-6
|0 (DE-627)105749249
|0 (DE-576)20956640X
|a Spielsucht
|2 gnd
|
| 650 |
0 |
7 |
|0 (DE-588)4126446-0
|0 (DE-627)105732346
|0 (DE-576)209585137
|a Suchtkrankenhilfe
|2 gnd
|
| 650 |
0 |
7 |
|0 (DE-588)4300400-3
|0 (DE-627)104107553
|0 (DE-576)211028487
|a Empirische Forschung
|2 gnd
|
| 773 |
0 |
8 |
|i Enthalten in
|t DHS Jahrbuch Sucht ...
|d Lengerich : Pabst, 2017
|g (2024), Seite 67-86
|h Bände
|w (DE-627)1008941522
|w (DE-600)2914571-5
|w (DE-576)496386271
|x 2569-4782
|7 nnas
|
| 773 |
1 |
8 |
|g year:2024
|g pages:67-86
|
| 883 |
|
|
|8 1\p
|a cgwrk
|d 20260401
|q DE-101
|u https://d-nb.info/provenance/plan#cgwrk
|
| 951 |
|
|
|a AR
|
| ELC |
|
|
|b 1
|
| LOK |
|
|
|0 000 xxxxxcx a22 zn 4500
|
| LOK |
|
|
|0 001 4622933217
|
| LOK |
|
|
|0 003 DE-627
|
| LOK |
|
|
|0 004 1909609587
|
| LOK |
|
|
|0 005 20241127085753
|
| LOK |
|
|
|0 008 241127||||||||||||||||ger|||||||
|
| LOK |
|
|
|0 040
|a DE-21-110
|c DE-627
|d DE-21-110
|
| LOK |
|
|
|0 852
|a DE-21-110
|
| LOK |
|
|
|0 852 1
|m p
|9 00
|
| LOK |
|
|
|0 938
|k p
|
| LOK |
|
|
|0 939
|a 2024-11-27
|b l01
|
| ORI |
|
|
|a WA-MARC-krimdoka001.raw
|